000 nam a22 a 4500
999 _c3745
_d3745
005 20170523162954.0
008 170523b2000 ch ||||| |||| 00| 0 eng d
020 _a1840001895
040 _aAKMAL
082 _a738 NEA
090 _a738
_bNEA
245 _aBlue & White Pottery /
_cGillian Neale
260 _aGreat Britain
_bOctopus Publishing
_c2000
300 _a64 p.
_ccm
942 _2ddc
_cBOOK